[Event "Ruhrgebiet Verbandsliga Gruppe 2 1415"]
[Site "Germany"]
[Date "2015.01.18"]
[Round "5"]
[White "Thanabalasingam, Ajandhan"]
[Black "Cavasin, Joerg"]
[Result "1-0"]
[WhiteElo "1984"]
[BlackElo "1903"]
[PlyCount "78"]
[EventDate "2014.09.21"]
[EventType "team-tourn"]
[EventRounds "9"]
[EventCountry "GER"]
[SourceTitle "EXT 2022"]
[Source "ChessBase"]
[SourceDate "2021.10.06"]
[SourceVersion "1"]
[SourceVersionDate "2021.10.06"]
[SourceQuality "1"]
[WhiteTeam "Bochum SG III"]
[BlackTeam "Altenessen"]
[WhiteTeamCountry "GER"]
[BlackTeamCountry "GER"]

1. e4 c5 2. Nf3 d6 3. d4 cxd4 4. Nxd4 e5 5. Nb3 Nf6 6. Nc3 Be6 7. Be3 Be7 8. f3 0-0 9. Qd2 Nbd7 10. 0-0-0 a6 11. g4 b5 12. g5 Nh5 13. Nd5 Bxd5 14. exd5 Nb6 15. Na5 Re8 16. Rg1 Qc7 17. Kb1 Nxd5 18. Qxd5 Qxa5 19. Bd3 Qc7 20. g6 Rf8 21. gxf7+ Kh8 22. Qe6 Bf6 23. Qf5 g6 24. Rxg6 hxg6 25. Qxg6 Rxf7 26. Qxh5+ Kg8 27. Rg1+ Kf8 28. Bh6+ Ke7 29. Bg6 Rg8 30. Rd1 Rfg7 31. Bxg7 Rxg7 32. Bf5 Qc4 33. Bg4 Qe2 34. Rc1 Qd2 35. Qf5 Qd5 36. Qd7+ Kf8 37. Qc8+ Ke7 38. Bh5 Bg5 39. Qe8+ Kf6 1-0

[Event "GER-chT U20"]
[Site "Naumburg Saale"]
[Date "2014.12.30"]
[Round "7.2"]
[White "Thanabalasingam, Ajandhan"]
[Black "Reuker, Jari"]
[Result "1-0"]
[WhiteElo "2023"]
[BlackElo "1948"]
[PlyCount "45"]
[EventDate "2014.12.27"]
[EventType "team-swiss"]
[EventRounds "7"]
[EventCountry "GER"]
[SourceTitle "EXT 2016"]
[Source "ChessBase"]
[SourceDate "2015.10.08"]
[SourceVersion "1"]
[SourceVersionDate "2015.10.08"]
[SourceQuality "1"]
[WhiteTeam "Bochum"]
[BlackTeam "Wildeshausen"]
[WhiteTeamCountry "GER"]
[BlackTeamCountry "GER"]

1. e4 c5 2. Nf3 e6 3. d4 cxd4 4. Nxd4 Nc6 5. Nc3 Qc7 6. Be3 a6 7. Qd2 Nf6 8. f3 Be7 9. 0-0-0 0-0 10. Kb1 Rd8 11. g4 b5 12. g5 Nh5 13. f4 Nxd4 14. Bxd4 Nxf4 15. e5 Ng6 16. Qe3 Re8 17. h4 Bb7 18. Ne4 Nxe5 19. Nf6+ Bxf6 20. gxf6 Rec8 21. Bd3 Nf3 22. Rhg1 Nxg1 23. Qg5 1-0

[Event "GER-chT U20"]
[Site "Naumburg Saale"]
[Date "2014.12.27"]
[Round "2.2"]
[White "Xu, Xianliang"]
[Black "Thanabalasingam, Ajandhan"]
[Result "1-0"]
[WhiteElo "2159"]
[BlackElo "2023"]
[PlyCount "57"]
[EventDate "2014.12.27"]
[EventType "team-swiss"]
[EventRounds "7"]
[EventCountry "GER"]
[SourceTitle "EXT 2016"]
[Source "ChessBase"]
[SourceDate "2015.10.08"]
[SourceVersion "1"]
[SourceVersionDate "2015.10.08"]
[SourceQuality "1"]
[WhiteTeam "Porz SG"]
[BlackTeam "Bochum"]
[WhiteTeamCountry "GER"]
[BlackTeamCountry "GER"]

1. e4 c5 2. c3 d5 3. exd5 Qxd5 4. d4 g6 5. Nf3 Bg7 6. Be3 cxd4 7. cxd4 Qa5+ 8. Nc3 Nh6 9. Bc4 0-0 10. 0-0 Nc6 11. d5 Qb4 12. dxc6 Qxc4 13. Nd5 bxc6 14. Nxe7+ Kh8 15. Nxc8 Rfxc8 16. Bd4 Rd8 17. Bxg7+ Kxg7 18. Qc1 Qxc1 19. Raxc1 Rd6 20. g3 Nf5 21. Rc3 Rb8 22. b3 Rb6 23. Rfc1 Ra6 24. R1c2 Rd1+ 25. Kg2 Ra1 26. a4 Rb6 27. Rd2 Ra3 28. Rdd3 a5 29. Ne5 1-0

[Event "NRW Class1 1314"]
[Site "Germany"]
[Date "2014.04.06"]
[Round "8.8"]
[White "Thanabalasingam, Ajandhan"]
[Black "Schwanbeck, Christoph"]
[Result "1/2-1/2"]
[WhiteElo "1965"]
[BlackElo "2015"]
[PlyCount "20"]
[EventDate "2013.09.15"]
[EventType "team-tourn"]
[EventRounds "9"]
[EventCountry "GER"]
[SourceTitle "EXT 2015"]
[Source "ChessBase"]
[SourceDate "2014.11.20"]
[SourceVersion "1"]
[SourceVersionDate "2014.11.20"]
[SourceQuality "1"]
[WhiteTeam "Bochum II"]
[BlackTeam "Iserlohn Koenigsspringer"]
[WhiteTeamCountry "GER"]
[BlackTeamCountry "GER"]

1. e4 d6 2. d4 Nf6 3. Nc3 Nbd7 4. Be3 e5 5. Nge2 Be7 6. f3 c6 7. Qd2 Nb6 8. b3 Qc7 9. 0-0-0 Be6 10. g4 exd4 1/2-1/2

[Event "Ruhrgebiet Verbandsliga2 1213"]
[Site "Nordrheinwestfalen"]
[Date "2013.04.28"]
[Round "9"]
[White "Salzmann, Juergen"]
[Black "Thanabalasingam, Ajandhan"]
[Result "1/2-1/2"]
[WhiteElo "1868"]
[BlackElo "1924"]
[PlyCount "27"]
[EventDate "2012.09.02"]
[EventType "team-tourn"]
[EventRounds "9"]
[EventCountry "GER"]
[SourceTitle "EXT 2020"]
[Source "ChessBase"]
[SourceDate "2019.10.17"]
[SourceVersion "1"]
[SourceVersionDate "2019.10.17"]
[SourceQuality "1"]
[WhiteTeam "Mengede SG"]
[BlackTeam "Bochum SG III"]
[WhiteTeamCountry "GER"]
[BlackTeamCountry "GER"]

1. e4 c5 2. Nf3 d6 3. d4 cxd4 4. Nxd4 Nf6 5. Nc3 a6 6. a4 e5 7. Nb3 Be7 8. Be2 0-0 9. 0-0 Be6 10. Be3 Nbd7 11. Kh1 Qc7 12. Nd5 Bxd5 13. exd5 Nb6 14. Bxb6 1/2-1/2

[Event "GER-chT U20"]
[Site "Osnabrueck"]
[Date "2012.12.28"]
[Round "4.6"]
[White "Thanabalasingam, Ajandhan"]
[Black "Alber, Alexander"]
[Result "1-0"]
[WhiteElo "1871"]
[BlackElo "1980"]
[PlyCount "105"]
[EventDate "2012.12.27"]
[EventType "team-swiss"]
[EventRounds "7"]
[EventCountry "GER"]
[SourceTitle "EXT 2014"]
[Source "ChessBase"]
[SourceDate "2013.11.20"]
[SourceVersion "1"]
[SourceVersionDate "2013.11.20"]
[SourceQuality "1"]
[WhiteTeam "Bochum SG"]
[BlackTeam "Bebenhausen"]
[WhiteTeamCountry "GER"]
[BlackTeamCountry "GER"]

1. e4 c5 2. Nf3 d6 3. d4 cxd4 4. Nxd4 Nf6 5. Nc3 a6 6. Be3 e5 7. Nb3 Be6 8. f3 Be7 9. Qd2 h5 10. 0-0-0 Nbd7 11. Kb1 b5 12. Nd5 Bxd5 13. exd5 Nb6 14. Bxb6 Qxb6 15. Bd3 a5 16. Qe2 Rb8 17. f4 a4 18. fxe5 dxe5 19. Nd2 Bd6 20. Ne4 Nxe4 21. Qxe4 b4 22. Rhf1 Qc7 23. Rf3 g6 24. Rf6 Rf8 25. Rdf1 a3 26. Qe2 Rb6 27. Bb5+ Kd8 28. Bc6 e4 29. Qxe4 Be5 30. d6 Qxc6 31. Qxe5 Re8 32. Qg5 Rb7 33. d7 Qxd7 34. Rd6+ Re7 35. Rxd7+ Rbxd7 36. Qa5+ Ke8 37. Qxb4 axb2 38. Re1 Rxe1+ 39. Qxe1+ Re7 40. Qb4 Re6 41. a4 f5 42. a5 g5 43. a6 f4 44. a7 Kf7 45. a8Q Kf6 46. Qaf8+ Ke5 47. Qe1+ Kd5 48. Qf5+ Re5 49. Qfxe5+ Kc6 50. Q1c3+ Kb6 51. Qec5+ Ka6 52. Q3b4 f3 53. Qcb6# 1-0

[Event "Ruhrgebiet Regionalliga 1112"]
[Site "Nordrheinwestfalen"]
[Date "2012.02.19"]
[Round "7.4"]
[White "Boehm, Malte"]
[Black "Thanabalasingam, Ajandhan"]
[Result "1/2-1/2"]
[WhiteElo "1963"]
[BlackElo "1924"]
[PlyCount "47"]
[EventDate "2011.09.25"]
[EventType "team-tourn"]
[EventRounds "9"]
[EventCountry "GER"]
[SourceTitle "EXT 2020"]
[Source "ChessBase"]
[SourceDate "2019.10.17"]
[SourceVersion "1"]
[SourceVersionDate "2019.10.17"]
[SourceQuality "1"]
[WhiteTeam "Brackel SF"]
[BlackTeam "Bochum SG III"]
[WhiteTeamCountry "GER"]
[BlackTeamCountry "GER"]

1. Nf3 g6 2. g3 Bg7 3. Bg2 d5 4. c4 e6 5. 0-0 Ne7 6. d3 0-0 7. Qc2 Nbc6 8. a3 Nf5 9. e3 h5 10. d4 a5 11. b3 dxc4 12. bxc4 e5 13. dxe5 Nxe5 14. Nxe5 Bxe5 15. Bb2 Bxb2 16. Qxb2 Be6 17. Nd2 Ra6 18. c5 b6 19. Rfd1 bxc5 20. Ne4 Qb8 21. Qxb8 Rxb8 22. Nxc5 Rd6 23. Nxe6 fxe6 24. Rab1 1/2-1/2

[Event "Ruhrgebiet Regionalliga 1112"]
[Site "Nordrheinwestfalen"]
[Date "2011.11.06"]
[Round "3.6"]
[White "Thanabalasingam, Ajandhan"]
[Black "Wallhof, Dieter"]
[Result "1-0"]
[WhiteElo "1924"]
[BlackElo "1830"]
[PlyCount "65"]
[EventDate "2011.09.25"]
[EventType "team-tourn"]
[EventRounds "9"]
[EventCountry "GER"]
[SourceTitle "EXT 2020"]
[Source "ChessBase"]
[SourceDate "2019.10.17"]
[SourceVersion "1"]
[SourceVersionDate "2019.10.17"]
[SourceQuality "1"]
[WhiteTeam "Bochum SG III"]
[BlackTeam "Welper SV"]
[WhiteTeamCountry "GER"]
[BlackTeamCountry "GER"]

1. e4 c5 2. Nf3 e6 3. d4 cxd4 4. Nxd4 a6 5. Nc3 Bc5 6. Nb3 Be7 7. Bd3 Nc6 8. f4 d6 9. Qf3 Nf6 10. Be3 Qc7 11. 0-0-0 Rb8 12. g4 b5 13. g5 Nd7 14. h4 Nb4 15. Kb1 Bb7 16. h5 Nxd3 17. cxd3 b4 18. Ne2 0-0 19. Ned4 Rfc8 20. Rc1 Qd8 21. g6 Bf6 22. gxf7+ Kxf7 23. Qh3 Qe7 24. Rhg1 Rxc1+ 25. Bxc1 Nf8 26. Qg3 Nd7 27. f5 e5 28. Ne6 Rg8 29. Bh6 d5 30. Na5 Ba8 31. Bxg7 dxe4 32. h6 exd3 33. Nc4 1-0

[Event "Dortmund Sparkassen op-A"]
[Site "Dortmund"]
[Date "2010.07.24"]
[Round "8"]
[White "Thanabalasingam, Ajandhan"]
[Black "Roehrich, Stefan"]
[Result "0-1"]
[WhiteElo "1940"]
[BlackElo "2142"]
[PlyCount "110"]
[EventDate "2010.07.17"]
[EventType "swiss"]
[EventRounds "9"]
[EventCountry "GER"]
[SourceTitle "CBM 137 Extra"]
[Source "ChessBase"]
[SourceDate "2010.09.01"]
[SourceVersion "1"]
[SourceVersionDate "2010.09.01"]
[SourceQuality "1"]

1. e4 c5 2. Nf3 d6 3. d4 cxd4 4. Nxd4 Nf6 5. Nc3 a6 6. Be3 e5 7. Nb3 Be6 8. f3 Be7 9. Qd2 h5 10. 0-0-0 Qc7 11. Kb1 Nbd7 12. Nd5 Bxd5 13. exd5 a5 14. a4 0-0 15. h3 Nb6 16. Bxb6 Qxb6 17. g4 Qb4 18. Qxb4 axb4 19. Bb5 hxg4 20. hxg4 Ne8 21. Rhe1 Nc7 22. f4 Nxb5 23. axb5 Bf6 24. f5 Bg5 25. Re4 Ra4 26. Rc4 Bd8 27. Re1 g6 28. Nd2 Bg5 29. Nb3 Bd8 30. c3 Kg7 31. Kc2 Rh8 32. Re2 gxf5 33. gxf5 Rh5 34. Rc8 Bg5 35. c4 Kf6 36. c5 dxc5 37. d6 Kxf5 38. d7 Rh4 39. Rxc5 Re4 40. Rg2 Be7 41. Rc8 b6 42. d8Q Bxd8 43. Rxd8 Ra7 44. Rc8 Kf4 45. Nd2 Rd4 46. Rf2+ Ke3 47. Nb3 Kxf2 48. Nxd4 exd4 49. Kd3 Rd7 50. Rc6 f5 51. Rf6 Rd5 52. Rxb6 f4 53. Rb8 f3 54. b6 Rd6 55. b7 Rd7 0-1

[Event "Dortmund Sparkassen op-A"]
[Site "Dortmund"]
[Date "2010.07.21"]
[Round "5"]
[White "Thanabalasingam, Ajandhan"]
[Black "Michalczak, Thomas"]
[Result "1/2-1/2"]
[WhiteElo "1940"]
[BlackElo "2367"]
[PlyCount "160"]
[EventDate "2010.07.17"]
[EventType "swiss"]
[EventRounds "9"]
[EventCountry "GER"]
[SourceTitle "CBM 137 Extra"]
[Source "ChessBase"]
[SourceDate "2010.09.01"]
[SourceVersion "1"]
[SourceVersionDate "2010.09.01"]
[SourceQuality "1"]

1. e4 c5 2. Nf3 d6 3. d4 cxd4 4. Nxd4 Nf6 5. Nc3 Bd7 6. Bc4 Nc6 7. 0-0 g6 8. h3 Bg7 9. Be3 0-0 10. Re1 Rc8 11. Bf1 a6 12. Nxc6 Bxc6 13. Nd5 Nxd5 14. exd5 Ba4 15. b3 Bd7 16. Rc1 Bb2 17. Rb1 Bc3 18. Bd2 Bf5 19. Bxc3 Rxc3 20. Rc1 Qc7 21. Bc4 b5 22. Qd2 b4 23. a4 a5 24. Re3 Rxe3 25. Qxe3 Re8 26. c3 bxc3 27. Qxc3 Rc8 28. Re1 h5 29. Qe3 Kf8 30. Qh6+ Kg8 31. Qe3 Bd7 32. Qg5 Bxa4 33. Rxe7 Qc5 34. Qf4 Be8 35. Ba6 Qc1+ 36. Qxc1 Rxc1+ 37. Kh2 Kf8 38. Ra7 Rc3 39. Ra8 Ke7 40. Be2 Rxb3 41. Rxa5 Rb2 42. Bf3 Rxf2 43. Ra7+ Kf6 44. Ra6 Ke5 45. Ra7 Kf6 46. Ra6 Ke7 47. Ra7+ Bd7 48. Bd1 Kd8 49. Ra8+ Kc7 50. Bf3 Bc8 51. Ra4 Rd2 52. Rf4 f5 53. Rc4+ Kd7 54. Rb4 Ba6 55. Kg3 g5 56. Bxh5 Rxd5 57. Ra4 Rd3+ 58. Kh2 Bb7 59. Ra7 Kc8 60. Ra2 Rc3 61. Bf7 Kc7 62. Re2 Be4 63. g4 Rc2 64. Rxc2+ Bxc2 65. gxf5 Bxf5 66. Kg3 Kc6 67. h4 gxh4+ 68. Kxh4 Kc5 69. Kg5 Bd7 70. Kf4 Kd4 71. Bh5 Be6 72. Bf3 Bd5 73. Bg4 Kd3 74. Bh3 Bf7 75. Bg2 Kd4 76. Bf3 Bd5 77. Bg4 Be4 78. Be6 Bd5 79. Bg4 Bc4 80. Bf3 Bd5 1/2-1/2

[Event "Dortmund Sparkassen op-A"]
[Site "Dortmund"]
[Date "2010.07.19"]
[Round "3"]
[White "Wittenberg, Andreas"]
[Black "Thanabalasingam, Ajandhan"]
[Result "0-1"]
[WhiteElo "2143"]
[BlackElo "1940"]
[PlyCount "94"]
[EventDate "2010.07.17"]
[EventType "swiss"]
[EventRounds "9"]
[EventCountry "GER"]
[SourceTitle "CBM 137 Extra"]
[Source "ChessBase"]
[SourceDate "2010.09.01"]
[SourceVersion "1"]
[SourceVersionDate "2010.09.01"]
[SourceQuality "1"]

1. d4 Nf6 2. Nf3 g6 3. g3 Bg7 4. Bg2 0-0 5. 0-0 d6 6. b3 Nbd7 7. Bb2 c6 8. Nbd2 Qc7 9. e4 Re8 10. Re1 e5 11. a4 a5 12. Bc3 b5 13. Nf1 Bb7 14. Qd2 b4 15. Bb2 c5 16. d5 c4 17. Qd1 Nc5 18. bxc4 Nfxe4 19. N3d2 Nxd2 20. Nxd2 f5 21. c3 Nd3 22. Qc2 Nxe1 23. Rxe1 Ba6 24. cxb4 axb4 25. Qb3 Rab8 26. Rc1 Qc5 27. Bf1 Bh6 28. Rc2 Bc8 29. Qd3 Bd7 30. Nb3 Qa7 31. c5 Bxa4 32. cxd6 Bb5 33. Qd1 Qd7 34. f4 Bg7 35. Rc7 Qxd6 36. Rxg7+ Kxg7 37. fxe5 Qb6+ 38. Bd4 Qb7 39. Bg2 Rbd8 40. Nc5 Qa8 41. Qb3 Qa3 42. e6+ Kg8 43. Qc2 b3 44. Qd2 Qa2 45. Bb2 Qb1+ 46. Kf2 Qc2 47. Ke3 Qxc5+ 0-1

[Event "GER-ch U25 op"]
[Site "Willingen"]
[Date "2009.06.06"]
[Round "9"]
[White "Bart, Simon"]
[Black "Thanabalasingam, Ajandhan"]
[Result "0-1"]
[WhiteElo "1988"]
[BlackElo "1926"]
[PlyCount "84"]
[EventDate "2009.05.30"]
[EventType "swiss"]
[EventRounds "9"]
[EventCountry "GER"]
[SourceTitle "EXT 2010"]
[Source "ChessBase"]
[SourceDate "2010.11.25"]
[SourceVersion "1"]
[SourceVersionDate "2010.11.25"]
[SourceQuality "1"]

1. e4 c5 2. Nf3 d6 3. d4 cxd4 4. Nxd4 Nf6 5. Nc3 a6 6. Bg5 e6 7. Be2 Nbd7 8. 0-0 b5 9. a3 Bb7 10. Bh5 g6 11. Be2 h6 12. Bh4 Qb6 13. Re1 Rc8 14. Bf3 g5 15. Bg3 Ne5 16. Bxe5 dxe5 17. Nb3 a5 18. Be2 Bc6 19. Qd3 a4 20. Nc1 Bc5 21. Qf3 Ke7 22. Nd3 Bd4 23. Bf1 g4 24. Qg3 Qb8 25. Ne2 Nxe4 26. Qxg4 Nf6 27. Qh4 Bb6 28. Ng3 e4 29. Nxe4 Bxe4 30. Rxe4 Rhg8 31. Nf4 Rg5 32. Re2 Rc4 33. Rxe6+ fxe6 34. Bxc4 bxc4 35. Rd1 Ng4 36. Ng6+ Kf6 37. Kf1 Kxg6 38. f3 Ne3+ 39. Ke2 Rxg2+ 40. Ke1 Nxc2+ 41. Kf1 Rf2+ 42. Kg1 Rxh2+ 0-1

[Event "GER-ch U25 op"]
[Site "Willingen"]
[Date "2009.06.02"]
[Round "4"]
[White "Thanabalasingam, Ajandhan"]
[Black "Holle, Cedric"]
[Result "1-0"]
[WhiteElo "1926"]
[BlackElo "1701"]
[PlyCount "83"]
[EventDate "2009.05.30"]
[EventType "swiss"]
[EventRounds "9"]
[EventCountry "GER"]
[SourceTitle "EXT 2010"]
[Source "ChessBase"]
[SourceDate "2010.11.25"]
[SourceVersion "1"]
[SourceVersionDate "2010.11.25"]
[SourceQuality "1"]

1. e4 e6 2. d4 d5 3. Nc3 Nf6 4. e5 Nfd7 5. f4 c5 6. Nf3 Nc6 7. Be3 Qb6 8. a3 Qxb2 9. Na4 Qxa1 10. Qxa1 c4 11. Be2 Be7 12. 0-0 0-0 13. Nc5 Ndb8 14. Qc1 b6 15. Na4 Na6 16. f5 exf5 17. Bg5 Bxg5 18. Qxg5 Nc7 19. c3 Bd7 20. Nb2 Nb5 21. Nd1 Nxa3 22. Nh4 h6 23. Qg3 Ne7 24. Ne3 Nb5 25. Nc2 a5 26. Ra1 f4 27. Qe1 g5 28. Nf3 a4 29. Nb4 a3 30. Qd2 Ra7 31. h4 g4 32. Nh2 h5 33. Bd1 Bf5 34. Qxf4 Nxc3 35. Qg5+ Bg6 36. Nxg4 hxg4 37. h5 a2 38. hxg6 Nxd1 39. gxf7+ Kxf7 40. Qh5+ Ng6 41. Qh7+ Ke8 42. Qxg6+ 1-0

[Event "GER-ch U25 op"]
[Site "Willingen"]
[Date "2009.06.01"]
[Round "3"]
[White "Coenen, Michael"]
[Black "Thanabalasingam, Ajandhan"]
[Result "1-0"]
[WhiteElo "2260"]
[BlackElo "1926"]
[PlyCount "37"]
[EventDate "2009.05.30"]
[EventType "swiss"]
[EventRounds "9"]
[EventCountry "GER"]
[SourceTitle "EXT 2010"]
[Source "ChessBase"]
[SourceDate "2010.11.25"]
[SourceVersion "1"]
[SourceVersionDate "2010.11.25"]
[SourceQuality "1"]

1. e4 c5 2. Nf3 d6 3. d4 cxd4 4. Nxd4 Nf6 5. Nc3 a6 6. Bg5 e6 7. f4 Qc7 8. Qf3 b5 9. a3 Nbd7 10. 0-0-0 Bb7 11. g4 d5 12. e5 Ne4 13. Nxe4 dxe4 14. Qe3 h6 15. Bh4 Nb6 16. Nxb5 axb5 17. Bxb5+ Bc6 18. Qc3 Rc8 19. Qxc6+ 1-0

[Event "GER-ch U25 op"]
[Site "Willingen"]
[Date "2008.05.13"]
[Round "5"]
[White "Thanabalasingam, Ajandhan"]
[Black "Wurm, Alexander"]
[Result "1/2-1/2"]
[WhiteElo "1723"]
[BlackElo "2068"]
[PlyCount "110"]
[EventDate "2008.05.11"]
[EventType "swiss"]
[EventRounds "9"]
[EventCountry "GER"]
[SourceTitle "CBM 124 Extra"]
[Source "ChessBase"]
[SourceDate "2008.07.03"]
[SourceVersion "1"]
[SourceVersionDate "2008.07.03"]
[SourceQuality "1"]

1. e4 e6 2. d4 d5 3. Nc3 Nf6 4. e5 Nfd7 5. f4 c5 6. Nf3 Nc6 7. Be3 a6 8. Qd2 cxd4 9. Nxd4 Bc5 10. 0-0-0 0-0 11. g4 Nxd4 12. Bxd4 b5 13. Bxc5 Nxc5 14. h4 b4 15. Ne2 a5 16. Ng3 Qc7 17. Kb1 Ba6 18. g5 Bxf1 19. Rdxf1 Rab8 20. Qe2 a4 21. h5 Rbc8 22. f5 a3 23. g6 Na4 24. h6 fxg6 25. hxg7 Qxg7 26. Nh5 axb2 27. Nxg7 Nc3+ 28. Kxb2 Nxe2 29. f6 Ng3 30. Nxe6 Rf7 31. Ng5 Nxf1 32. Nxf7 Kxf7 33. Rxf1 Ke6 34. Re1 h5 35. Kb3 Rb8 36. c3 bxc3+ 37. Kxc3 h4 38. a4 h3 39. a5 h2 40. Rh1 Kxe5 41. Rxh2 Kxf6 42. Kd4 g5 43. Kxd5 Rb5+ 44. Ke4 Rxa5 45. Rc2 Ra4+ 46. Kf3 Kf5 47. Rc5+ Kg6 48. Rc3 Kh5 49. Kg3 Ra5 50. Kf3 Kh4 51. Kg2 Ra2+ 52. Kg1 g4 53. Rb3 g3 54. Rb8 Kh3 55. Rh8+ Kg4 1/2-1/2

[Event "NRW-ch U14"]
[Site "Kranenburg"]
[Date "2008.03.29"]
[Round "7"]
[White "Magorsch, Max"]
[Black "Thanabalasingam, Ajandhan"]
[Result "0-1"]
[WhiteElo "1342"]
[BlackElo "1777"]
[PlyCount "76"]
[EventDate "2008.03.24"]
[EventType "swiss"]
[EventRounds "7"]
[EventCountry "GER"]
[SourceTitle "EXT 2009"]
[Source "ChessBase"]
[SourceDate "2008.11.26"]
[SourceVersion "1"]
[SourceVersionDate "2008.11.26"]
[SourceQuality "1"]

1. e4 c5 2. f4 Nc6 3. Nf3 d6 4. Nc3 g6 5. d3 Bg7 6. Bd2 Bg4 7. Be2 Bxf3 8. Bxf3 e6 9. Rb1 Nge7 10. 0-0 0-0 11. Ne2 Nd4 12. Nxd4 cxd4 13. c3 Nc6 14. Qb3 Qb6 15. Qxb6 axb6 16. a3 dxc3 17. bxc3 Rxa3 18. Rxb6 Bxc3 19. Bxc3 Rxc3 20. Rd1 Rb8 21. Kf1 Kf8 22. Be2 Ke7 23. Ke1 Nd4 24. Rdb1 Rc2 25. Bf1 Rc7 26. Kd2 e5 27. Ke3 Nc6 28. Kf3 exf4 29. Kxf4 Ne5 30. d4 Nd7 31. R6b3 Kf6 32. Ba6 bxa6 33. Rxb8 Nxb8 34. Rxb8 Ra7 35. Rb6 Ke7 36. Rb4 a5 37. Ra4 Kd7 38. d5 f6 0-1

[Event "NRW-ch U14"]
[Site "Kranenburg"]
[Date "2008.03.27"]
[Round "5"]
[White "Thanabalasingam, Ajandhan"]
[Black "Mundorf, Johannes"]
[Result "0-1"]
[WhiteElo "1777"]
[BlackElo "1770"]
[PlyCount "58"]
[EventDate "2008.03.24"]
[EventType "swiss"]
[EventRounds "7"]
[EventCountry "GER"]
[SourceTitle "EXT 2009"]
[Source "ChessBase"]
[SourceDate "2008.11.26"]
[SourceVersion "1"]
[SourceVersionDate "2008.11.26"]
[SourceQuality "1"]

1. e4 e6 2. d4 d5 3. Nc3 dxe4 4. Nxe4 Nd7 5. Nf3 Ngf6 6. Bg5 h6 7. Bxf6 Nxf6 8. Bd3 Be7 9. Qe2 Nd5 10. Ne5 Nf4 11. Qf3 Nxd3+ 12. Qxd3 Qd5 13. 0-0 0-0 14. c4 Qd8 15. f4 c5 16. d5 exd5 17. cxd5 Bf5 18. Rad1 Qb6 19. Nc4 Qg6 20. Rfe1 b5 21. Ne5 Qb6 22. Nc6 c4+ 23. Qd4 Bd8 24. Nd6 Bg4 25. Nxd8 Rfxd8 26. Qxb6 axb6 27. Nxb5 Bxd1 28. Rxd1 Rxa2 29. Na3 c3 0-1

[Event "GER-ch U25"]
[Site "Willingen"]
[Date "2007.05.30"]
[Round "7"]
[White "Schneider, Christian"]
[Black "Thanabalasingam, Ajandhan"]
[Result "1/2-1/2"]
[WhiteElo "2081"]
[BlackElo "1649"]
[PlyCount "63"]
[EventDate "2007.05.26"]
[EventType "swiss"]
[EventRounds "9"]
[EventCountry "GER"]
[SourceTitle "CBM 118 Extra"]
[Source "ChessBase"]
[SourceDate "2007.07.04"]
[SourceVersion "1"]
[SourceVersionDate "2007.07.04"]
[SourceQuality "1"]

1. Nc3 c5 2. e4 Nc6 3. f4 g6 4. Nf3 Bg7 5. d3 d6 6. g3 e6 7. Bg2 Nge7 8. 0-0 0-0 9. Be3 b6 10. Bf2 Ba6 11. Qd2 Qd7 12. Rfe1 Rae8 13. Bh3 f5 14. g4 Bb7 15. Rab1 Nd4 16. Nxd4 cxd4 17. Nd1 Nc6 18. Bg3 d5 19. gxf5 exf5 20. e5 g5 21. fxg5 Nxe5 22. Rf1 Ng4 23. Bxg4 fxg4 24. Rxf8+ Rxf8 25. Nf2 Qf5 26. Re1 h6 27. gxh6 Bf6 28. Qe2 Bc8 29. Bd6 Rd8 30. Bc7 Rf8 31. Bd6 Rd8 32. Bc7 1/2-1/2